000 00723nam a2200205 i 4500
001 92527
003 ES-MaACL
005 20251222194737.0
007 t|
008 050310s1953 sp ||||1| spa d
100 1 _aLipper, Elinor.
_972499
245 1 0 _aOnce años en las prisiones soviéticas /
_cElinor Lipper ; versión española de Vicenta Cortés Alonso.
260 _aValencia :
_bFomento de Cultura,
_c[1953]
300 _a367 p. :
_bil. ;
_c19 cm.
650 0 4 _aGuerra mundial, 1939-1945-
_xPrisioneros-
_zRusia.
_913253
650 0 4 _aCampos de concentración-
_zURSS.
_910714
700 1 _aCortés Alonso, Vicenta,
_d1925-2021
_9242638
852 _aES-MaACL
_jC-6274
_bR.34516
999 _c92527
_d92527